5HLuxD.jpg

KING HENRY VIII SENIOR AND PRIMARY SCHOOL LIBRARY OPAC

Silence / (Record no. 3012)

000 -LEADER
fixed length control field 00866cam a2200277 a 4500
001 - CONTROL NUMBER
control field 16904008
003 - CONTROL NUMBER IDENTIFIER
control field OSt
005 - DATE AND TIME OF LATEST TRANSACTION
control field 20230914160140.0
008 - FIXED-LENGTH DATA ELEMENTS--GENERAL INFORMATION
fixed length control field 110804s2011 enk 000 d eng
010 ## - LIBRARY OF CONGRESS CONTROL NUMBER
LC control number 2011459364
020 ## - INTERNATIONAL STANDARD BOOK NUMBER
International Standard Book Number 9781408156568 (pbk.)
040 ## - CATALOGING SOURCE
Original cataloging agency DLC
Transcribing agency DLC
Modifying agency KH8
042 ## - AUTHENTICATION CODE
Authentication code pcc
082 04 - DEWEY DECIMAL CLASSIFICATION NUMBER
Classification number 822.914 FIL
Edition number 22
100 1# - MAIN ENTRY--PERSONAL NAME
Personal name Filter,
Dates associated with a name 1969-,
Relator term author.
245 10 - TITLE STATEMENT
Title Silence /
Statement of responsibility, etc. Filter and David Farr ; devised by members of the company.
260 ## - PUBLICATION, DISTRIBUTION, ETC.
Place of publication, distribution, etc. London :
Name of publisher, distributor, etc. Methuen Drama,
Date of publication, distribution, etc. 2011.
300 ## - PHYSICAL DESCRIPTION
Extent 58 p. ;
Dimensions 20 cm.
500 ## - GENERAL NOTE
General note "Royal Shakespeare Company"--Cover.
650 #0 - SUBJECT ADDED ENTRY--TOPICAL TERM
Topical term or geographic name entry element British
Geographic subdivision Russia
Form subdivision Drama.
710 2# - ADDED ENTRY--CORPORATE NAME
Corporate name or jurisdiction name as entry element Filter Theatre.
710 2# - ADDED ENTRY--CORPORATE NAME
Corporate name or jurisdiction name as entry element Royal Shakespeare Company.
906 ## - LOCAL DATA ELEMENT F, LDF (RLIN)
a 7
b cbc
c origres
d 2
e ncip
f 20
g y-gencatlg
942 ## - ADDED ENTRY ELEMENTS (KOHA)
Source of classification or shelving scheme
Koha item type Teaching Resources
Holdings
Withdrawn status Lost status Source of classification or shelving scheme Damaged status Not for loan Collection code Permanent Location Current Location Shelving location Date acquired Full call number Barcode Date last seen Price effective from Koha item type
          Teaching Resources KH8 Senior School Library KH8 Senior School Library Staff Office 2023-09-14 822.914 FIL TRKHSL003213 2023-09-14 2023-09-14 Teaching Resources

Powered By KH8 IT Dept